000 00505nam a2200181Ia 4500
005 20250508162125.0
008 008 250505s9999 xx 000 0 eng d
037 _aTextual
040 _aFEDL
_beng
_cFEDL
041 _aeng
_2eng
084 _a901.9, VEN
_qFEDL
100 _aVenkateswara S V
_9132777
245 0 _aIndian culture through the ages
260 _aNew Delhi, India
_bCosmo Publications
_c1980
300 _a336p.
942 _cTEXL
_h901.9, VEN
999 _c1374524
_d1374524